Statistics for Highest Grossing Best Picture Winners at the Box Office

Click here to take the quiz!

General Stats

  • This quiz has been taken 34 times
  • The average score is 5 of 10

Answer Stats

Gross Year Film % Correct
$600.8 mil1997Titanic
97%
$377.0 mil2003The Lord of the Rings: The Return of the King
77%
$329.7 mil1994Forrest Gump
70%
$187.7 mil2000Gladiator
63%
$170.7 mil2001A Beautiful Mind
47%
$172.8 mil1988Rain Man
43%
$170.7 mil2002Chicago
40%
$184.2 mil1990Dances with Wolves
37%
$141.3 mil2008Slumdog Millionaire
33%
$138.5 mil1986Platoon
27%

Score Distribution

Percentile by Number Answered

Percent of People with Each Score

Your Score History

You have not taken this quiz